Statistics for Random Facts #2

Click here to take the quiz!

General Stats

  • This quiz has been taken 22 times
  • The average score is 7 of 15

Answer Stats

QuestionAnswer% Correct
Tiramisu translates to "___" in Italian."Take me to Heaven"
75%
A jiffy is a proper unit of ___.Time
69%
Brunch was invented as a way of curing ___.Hangovers
63%
You can't ___ while holding your nose.Hum
63%
You are more likely to have a weird or scary dream when sleeping on your ___.Stomach
56%
Buttermilk has no ___.Butter
50%
Adolf Hitler's ___ betrayed him.Nephew
50%
1,700 people become ___ every day in the United States of America.Millionaires
44%
___-eyed people have higher alcohol tolerance.Blue
31%
Smelling ___ apples can help with weight loss.Green
31%
Children are born less frequently on ___.Saturdays
31%
The dot over the small letters i and j are called ____.Titles
31%
__ burgers are sold at McDonald's every second.75
25%
Rudolph the Reindeer is ___.Female
19%
There are fewer stars than there are ___.Trees on Earth
13%

Score Distribution

Percentile by Number Answered

Percent of People with Each Score

Your Score History

You have not taken this quiz